| 000 | 00610naa a2200145Ia 4500 | ||
|---|---|---|---|
| 003 | ES-SlBCS | ||
| 005 | 20210601151742.0 | ||
| 008 | 140520s1997 xxu||||| |||| 00| 0 spa d | ||
| 041 | _aspa | ||
| 100 | 1 |
_aConcha Malo, Miguel _93784 |
|
| 245 | 0 | 0 |
_aNecesidad e importancia de la historia _cMiguel Concha Malo |
| 650 | 4 |
_aHistoria _92130 |
|
| 773 | 0 |
_tLos Dominicos y el Nuevo mundo. Siglos XIX-XX : Actas del Vº Congreso Internacional. Querétaro, (México) 4-8 septiembre 1995 / José Barrado Barquilla, Santiago Rodríguez _dSalamanca : San Esteban, 1997 _g, págs. 25-35 _z84-8260-026-5 _wVA45138 |
|
| 942 | _cAC | ||
| 999 |
_c763367 _d763367 |
||